000 00495 a2200181 4500
005 20260204150959.0
008 260204b |||||||| |||| 00| 0 eng d
020 _a9789388269841
_cRs. 1200.00
040 _aMAIN
082 _a796.077
_bD262S
100 _aDatakar, Vijay Bhojraj
245 _aScientific principles of sports training
260 _bSports Publication
_c2026
_aNew Delhi
300 _aviii, 263
650 _aPhysical Education
650 _aSports Training
942 _cBK
999 _c394068
_d394068